000
00217nam a2200085Ia 4500
008
120527s9999 xx 000 0 und d
100
_a
McEARCHERN & LUNN
245
_a
Economics : A Contemporary introduction
942
_c
BK
999
_c
26783
_d
26783